|
|
|
|
| LEADER |
00000nam a22000007a 4500 |
| 005 |
20170314213336.0 |
| 007 |
cr|||| |||| |
| 008 |
170314s2011 es |||||s|||| 00||0 spa d |
| 020 |
|
|
|a 978-84-9123-216-2
|
| 035 |
|
|
|a 14854
|
| 040 |
|
|
|a vLex
|
| 090 |
|
|
|c 6610
|d 6610
|
| 245 |
0 |
2 |
|a La diplomacia comn︢ europea
|h [Recurso electrn̤ico] :
|b El servicio europeo de accin̤ exterior
|
| 256 |
|
|
|a Servicio en ln̕ea
|
| 260 |
|
|
|a Madrid:
|b Marcial Pons,
|c 2011
|
| 300 |
|
|
|a 1 recurso electrn̤ico (220 p.)
|
| 506 |
1 |
|
|a Disponible solo en los productos indicados
|d vLex Global
|d vLex Global (Academic Edition, excluding Law Schools)
|d vLex Global (U.S. Academic Edition, Law Schools)
|d vLex Global (U.S. Academic Edition, excluding Law Schools)
|d vLex Global (Academic Edition, Law Schools)
|
| 650 |
0 |
4 |
|a Derecho Comunitario
|z Espaą
|
| 650 |
0 |
4 |
|a Derecho Internacional
|z Espaą
|
| 740 |
0 |
|
|a vLex Libros (Servicio en ln̕ea)
|
| 856 |
4 |
0 |
|u http://vlex.com/source/diplomacia-comun-europea-servicio-europeo-accion-exterior-14854
|z Acceso restringido
|
| 942 |
|
|
|c BOOK
|
| 999 |
0 |
|
|a Community Law
|
| 999 |
0 |
|
|a International Law
|